| 000 | 00944nam a2200277 i 4500 | ||
|---|---|---|---|
| 003 | DO-SdBNP | ||
| 005 | 20250911141356.0 | ||
| 007 | ta | ||
| 008 | 220511b1981 dr a|||| |||| 00| 0 spa d | ||
| 040 |
_aDO-SdBNP _bspa _cBNPHU _erda |
||
| 041 | _aspa | ||
| 082 | 4 |
_a923.57293 _bL965T, 1981 _222 |
|
| 100 | 1 |
_aTolentino Dipp, Hugo, _d1930-2019 _eautor _4aut. _912717 |
|
| 245 | 1 | 0 |
_aGregorio Luperón : _bbiografía política / _cHugo Tolentino Dipp. |
| 250 | _aTercera edición | ||
| 264 | 1 |
_aSanto Domingo : _bEditora Alfa y Omega, _c1981. |
|
| 300 |
_a467 páginas : _bilustraciones. ; _c18 cm. |
||
| 336 |
_atexto _btxt _2rdacontent |
||
| 337 |
_asin mediación _bn _2rdamedia |
||
| 338 |
_avolumen _bnc _2rdacarrier |
||
| 590 | _aInventariado, 2022/ YL | ||
| 600 | 1 | 0 |
_aLuperón, Gregorio, _d1839-1897 _9888 |
| 651 | 0 |
_aRepública Dominicana _xPolítica y gobierno _945 |
|
| 910 | _aYLockward/Validado. Control de calidad MFF | ||
| 942 |
_2ddc _cLBS1 |
||
| 999 |
_c51694 _d51694 |
||